000 00598nam a2200253Ia 4500
003 OSt
005 20220912152917.0
006 a|||||r|||| 00| 0
007 ta
008 220909b |||||||| |||| 00| 0 eng d
024 _a31031
037 _cTextual
040 _aCSL
_beng
_cCSL
041 _aeng
082 _aY17:Gm3:N58, k3
100 _aBrothwell D R
245 0 _aDental anthropology
260 _c1963
300 _ap.
_ccm.
650 _a Biology
650 _aAnthropology
942 _hY17:Gm3:N58, k3
_cTEXL
_2CC
999 _c93744
_d93744